000 01718nam a2200349 i 4500
003 EG-GICUC
005 20260511231326.0
008 260511s2011 ua |||fr|||| 00| 0 ara d
040 _a EG-GICUC
_bara
_c EG-GICUC
_d EG-GICUC
_erda
041 0 _aAra
082 0 4 _221
_a343.307062
_bح ا . ت
092 0 4 _221
099 _aLaw1 10 343.307062 ح ا . ت 2011
100 0 _aحامد الشريف
_eمؤلف.
245 1 2 _aالتعليق على قانون الإجراءات الجنائية في ضوء الفقه وأحكام القضاء طبقاً لأحدث التعديلات التشريعة بالقانونين رقمي ٧٤ لسنة ٢٠٠٧ ، ١٥٣ لسنة ٢٠٠٧ وأحدث أحكام محكمة النقض المصرية.
_nالجزء الثانى /
_cتأليف دكتور حامد الشريف.
250 _bطبعة مميزة
264 1 _aالإسكندية :
_bدار المكتب الدولى للإصدارات القانونية،
_c2011.
300 _a883 ؛صفحة
_c24 سم.
_bإيضاحيات، صور، مثيليات ؛
336 _2rda content
_atext
337 _2rda media
_aComputer
338 _2rda carrier
_aOnline Resource
500 _aإهداء من حسن على
504 _a. 240-220 ببليوجرافيا: صفحات.
505 _aالجزء الثانى يحتوى على المواد من 101 إلى 267
546 _aالنص باللغة العربية
650 1 _aقانون الإجراءات الجنائية
_xأحكام النقض
_yمصر
_2qrmak
650 1 _aالقانون الجنائى
_2qrmak
651 1 _2qrmak
856 4 0 _uhttps://fll.law.cu.edu.eg/fulltext/bks/B10-12040.pdf
905 _a54
942 _2ddc
_cBK
_e21
_n0
999 _c76637
_d76637